000 00657nam a2200277Ia 4500
005 20260324144610.0
008 008 260324s9999 xx 000 0 eng d
020 _a9781315150482
037 _aEBOOK
040 _aCRL
040 _beng
040 _cCRL
041 _2eng
041 _aeng
084 _qCRL
100 _aBrian Roffel; Patrick Chin
_91219919
245 0 _aComputer Control in the Process Industries
260 _bTaylor and Francis
260 _c1987
365 _a
365 _b260
856 _uhttp://www.taylorfrancis.com/books/9781315150482
942 _cEBOOK
999 _c1826718
_d1826718